01443 2200181 4500001002100000005001500021035002000036245004900056100001900105250001700124300003100141260003900172082000800211084001400219020002200233650001500255520099100270INLIS00000000000059820240822101231 a0010-08240001161 aDimulai Dari Bawah Jendela /cS. Eko Purwati0 aS. Eko Purwati acetakan ke-1 av, 61 hlm :bIlus ;c21 cm aJakarta Timur :bCV Ghina Walafafa a813 a813 S. d a978-979-15950-1-8 4aFiksi Anak aSudah beberapa hari ini arman memasuki kelasnya yang baru. Ia masih tetap berjualan makanan seperti dulu, tapi dititipkan mbah Rejo. Semua teman-teman kelasnya menyambut Arman dengan gembira. Termasuk kelas lain. Mereka sudah akrab dengan Arman. Hanya Heri dan Irwanlah yang nampak kurang senang. Tapi Arman menganggap menanggapi dengan baik-baik. Suatu siang, di tempat mbah rejo berjualan. "Man, kamu tidak lagi sekolah di bawah jendela ya?" Ledek mbah rejo jenaka. "Ah, mbah. Kalau kita memang ingin maju, jangan menyerah begitu saja. Berjuang dengan keras dan berdoa, memohon kepada Allah dengan sungguh-sungguh. Betul nggak, Bud?" ujar arman dengan senyum. Mbah rejo, arman, budi, nuning, dan amir juga beberapa anak setuju dengan pendapat arman. Mereka makin mantap belajar, baik di sekolah maupun dirumah. Tentu saja mereka tidak melupakan akan kewajibannya sebagai anak-anak muslim. Rajin berdoa dan selalu mengerjakan sholat lima waktu dan berbakti kepada kedua orang tua.